A Collector's guide to teddy bears
| Main Author: | |
|---|---|
| Format: | Book |
| Published: |
London :
The Apple Press ,
1990
|
| Subjects: |
MARC
| LEADER | 00000cam a2200000 7i4500 | ||
|---|---|---|---|
| 001 | 0000004248 | ||
| 002 | 000004565 | ||
| 005 | 20000330.0 | ||
| 020 | |a 1850762228 | ||
| 090 | 0 | 0 | |a 745.5928 |b FOR |
| 100 | 1 | |a Ford, Peter | |
| 245 | 1 | 2 | |a A Collector's guide to teddy bears |c Peter Ford |
| 260 | |a London : |b The Apple Press , |c 1990 | ||
| 300 | |a 144 p. : |b ill. ; |c 33 cm. | ||
| 650 | 0 | 0 | |a Teddy bears(Toys) |x History |
| 999 | |a 031388 |b BUKU |c PINJAMAN |e PERPUSTAKAAN KOMUNITI PETALING JAYA | ||
| 999 | |a 031389 |b BUKU |c PINJAMAN |e PERPUSTAKAAN KOMUNITI PETALING JAYA | ||